000 00570nam a2200241Ia 4500
005 20250425161540.0
008 250425s9999 xx 000 0 und d
020 _a8420003832
041 _aspa
082 _a621.56
100 _aREED, G. H.
245 0 _aREFRIGERACION: MANUAL PRACTICO PARA APRENDICES
250 _a1A ED.
260 _aEspaƱa
_bACRIBIA
_c1976
260 _aZARAGOZA
300 _a179
650 _aCOMPRESORES
650 _aEQUIPO NEUMATICO
650 _aREFRIGERACION
650 _aREFRIGERANTES
942 _c01
010 _a22790
999 _c211400
_d211400